Compendio de filosofía /

Sparad:
Bibliografiska uppgifter
Huvudupphov: Rahaim, Salomón (autor)
Materialtyp: Bok
Språk:spanska
Utgiven: México : Progreso, 1985, c1985
Upplaga:4a edición
Ämnen:
Taggar: Lägg till en tagg
Inga taggar, Lägg till första taggen!

MARC

LEADER 00000nam^a2200000^a^4500
001 000000967
005 20250521000000.0
009 20260310083048.554
037 |a Acervo ITESO - Biblioteca 
041 |a ESP 
082 |a 140. 9  |b RAH 
100 |a Rahaim, Salomón  |e (autor) 
245 1 0 |a Compendio de filosofía /  |c S. Rahaim Manríquez. 
250 |a 4a edición 
264 4 |a México :  |b Progreso,  |c 1985, c1985 
300 |a XXIV, 709 p. 
336 |a texto  |b txt  |2 rdacontenido 
337 |a sin mediación  |b n  |2 rdamedio 
338 |a volumen  |b nc  |2 rdasoporte 
649 |a XX 
650 |a Idea 
650 |a Juicio (Lógica) 
650 |a Razonamiento 
650 |a Verdad 
650 |a Epistemología 
650 |a Ontología 
650 |a Cosmología 
650 |a Antropología Filosófica 
650 |a Psicología 
650 |a Teodicea 
650 |a Etica 
650 |a Filosofía -  |x Historia y Crítica 
910 |a Fondo General 
920 |a Impresos - Libros 
930 |a Colección General 
905 |a 101 
901 |a 0009670100  |b IT1  |c ACC  |i 000967  |u 20250521 
901 |a 0500130231  |b IT1  |c ACC  |u 20250521 
902 |a https://opac.biblio.iteso.mx/vufind/Record/000000967